| 000 | 00000nam 2200000za 4500 |
| 001 | 9.629719 |
| 003 | CaOODSP |
| 005 | 20241203113634 |
| 007 | cr ||||||||||| |
| 008 | 150407s2015 quc|||||o f|0| 0 eng d |
| 020 | |a978-1-100-25127-1 |
| 040 | |aCaOODSP|beng |
| 043 | |an-cn--- |
| 086 | 1 |aEn154-53/2014E-PDF |
| 245 | 00|aOverview of the state of the St. Lawrence River 2014 |h[electronic resource]. |
| 260 | |aQuébec, QC : |bEnvironment Canada, |cc2015. |
| 300 | |aiii, 52 p. : |bmap, figs., tables, photos, graphs, glossary. |
| 500 | |aIssued also in French under title: Portrait global de l’état du Saint-Laurent 2014. |
| 504 | |aIncludes bibliographical references. |
| 692 | 07|2gccst|aWater quality |
| 710 | 1 |aCanada. |bEnvironment Canada. |
| 775 | 08|tPortrait global de l'état du Saint-Laurent 2014 |w(CaOODSP)9.677313 |
| 794 | |tOverview of the state of the St. Lawrence 2019.|w(CaOODSP)9.890944 |
| 856 | 40|qPDF|s16.22 MB|uhttps://publications.gc.ca/collections/collection_2016/eccc/En154-53-2014-eng.pdf |